| 000 | 00356 a2200169 4500 | ||
|---|---|---|---|
| 001 | 165870 | ||
| 020 | _a85-260-0583-9 | ||
| 040 | _cMagnum | ||
| 100 | _aAthayde, Roberto | ||
| 240 | 1 | 0 |
_aO bicho carpinteiro _lpor |
| 245 | 1 | 0 | _aO bicho carpinteiro |
| 300 | _a93 | ||
| 362 | 0 | _a1998 | |
| 440 | 1 | _aGlobal | |
| 697 | _aLITERATURA JUVENIL | ||
| 942 | _cBK | ||
| 999 |
_c165870 _d165870 |
||